000 00560nam a22002057a 4500
003 OSt
005 20161020140908.0
008 150324b xxu||||| |||| 00| 0 eng d
020 _a9780632017157
040 _cDNLM
082 _aWH100 G92M 1989
100 _aFirkin, Frank [et...al]
_911226
245 _aDe Gruchy's Clinical Haematology in Medical Practice
250 _a5th ed.
260 _aOxford;
_bBlackwell,
_c1989
300 _aix,524p;
_bill:
_c26.5cm.
504 _aReferences & index included
650 _aHaematology
_9898
942 _2z
_cO_SHELF
999 _c1222
_d1222